000 00548ntaaa2200217 4500
003 01
005 20251027200606.0
008 0714s1973 ag 01
020 _a8476452683.
040 _aAR-BaBN
_bspa
_cAR-BaBN
_eaacr
_dRIC
082 _a231.3 Sm6e
100 _aSmith, Oswald J.
_91427
245 _aEl Espiritu Santo esta obrando. /
_cOswald J. Smith
250 _a1 ed.
260 _aTerrassa. :
_bClie.,
_c1988.
300 _a90 p. ;
_c20 cm.
500 _aSermones.
650 _aEspiritu Santo.
650 _aSermones.
_9362
942 _cBK
999 _c622
_d622